| 000 | 02010cam a22004694i 4500 | ||
|---|---|---|---|
| 003 | PE-LiUPU | ||
| 005 | 20250731173439.0 | ||
| 008 | 150616s r 000 0 d | ||
| 035 | _a(Sirsi) a562 | ||
| 040 |
_aPE-LiUPU _bspa _cPE-LiUPU _erda |
||
| 049 | _aPRUA | ||
| 082 | 0 | 4 |
_a289.309 _bH56 _221 |
| 100 | 1 |
_aHinckley, Gordon B., _eautor. |
|
| 245 | 1 | 0 |
_aWhat of the mormons?: a short history of the church of Jesus Christ of latter-day saints / _cGordon B. Hinckley. |
| 264 | 1 |
_aUnited States of America : _bThe church of Jesus Christ of latter-day saints, _c1947]. |
|
| 300 |
_a230 páginas : _bilustraciones ; _c23 cm |
||
| 336 |
_atext _2rdacontent |
||
| 337 |
_aunmediated _2rdamedia |
||
| 338 |
_avolume _2rdacarrier |
||
| 504 | _aNota Bibliografica. | ||
| 505 | 0 | _aThe question -- Who are they? -- What do they believe? -- What is their program? -- What is their organization? -- Génesis -- An angel and a book -- The power of god among men -- The church organized -- Mormonism in ohio -- The church in Missouri -- Nauvoo, the beautiful -- The martyrs -- Exodus -- To the promised land -- Pioneering the wilderness -- Years of conflict -- Years of endurance -- The sunshine of good will. | |
| 526 | _aSEG42 | ||
| 526 | _aSEG41 | ||
| 526 | _aSEG40 | ||
| 526 | _aSEG39 | ||
| 526 | _aP94 | ||
| 526 | _aP87 | ||
| 526 | _aP86 | ||
| 526 | _aP85 | ||
| 526 | _aP77 | ||
| 526 | _aP76 | ||
| 526 | _aP35 | ||
| 650 | 0 | 4 | _aRevista de la nueva era(Salt Lake City, Utah) . |
| 650 | 0 | 4 | _aMormones. |
| 910 |
_ajck _bjvq _cjck |
||
| 942 |
_2ddc _cBOOK |
||
| 949 |
_a289.309 H56 _wDEWEY _c1 _i07191 _lCCODEBUL1 _mBUL _p00.00 _r0 _sY _tBOOK _u19921018 _xTEOLOGIA _zUNKNOWN _0COMPRA _o.STAFF. Colección General |
||
| 994 |
_aC0 _bPEPRU |
||
| 596 | _a1 | ||
| 999 |
_a289.309 H56 _wDEWEY _c56668 _i07191 _f2021-11-12 _g5 _lCCODEBUL1 _mBUL _r0 _sY _tBOOK _u2015-6-16 _xTEOLOGIA _zUNKNOWN _0COMPRA _o.STAFF. Colección General _d56668 |
||
| 980 |
_81 _gALBERTO SANCHEZ Responsable de Automatización |
||